000 00772nas a2200241 4500
001 BR2010004641
003 BR-BrBNA
005 20231205114259.0
007 ta
008 230509b bl.|||p| |||| 00| 00por d
040 _aBR-BrBNA
_bpor
_cBiblioteca Nacional de Agricultura
041 _a(Pt)
072 _aF06
100 1 _aAraújo, W.F.
100 1 _aBotrel, T.A.
245 1 _aInfluência do CO2 via água de irrigação e da cobertura plástica no solo na abobrinha
650 _aABOBRINHA
650 _aIRRIGAÇÃO POR GOTEJAMENTO
650 _aDIÓXIDO DE CARBONO
773 0 _tRevista Ciência Agronômica (Brazil)
_xISSN 0045-6888
_g(Apr-Jun 2010), v. 41(2) p. 216-221
_wBR2010004641
909 _a202311
_bLúcia
_c55
_dLúcia Elande
942 _2AGRIS
_n0
_cANA
999 _c208002
_d208002